Bilecik Bilecik Bilecik Bilecik Bilecik

Üniversite gençliğinde Avrupa Birliği algısı : (Record no. 56687)

MARC details
000 -BAŞLIK
Sabit Uzunluktaki Kontrol Alanı 01429nam a22003737a 4500
001 - KONTROL NUMARASI
Control Dosyası 0056881
003 - KONTROL NUMARASI KİMLİĞİ
Kontrol Alanı KOHA_MİRAKIL
005 - EN SON İŞLEM TARİHİ ve ZAMANI
Kontrol Alanı 20260207004103.0
007 - FİZİKSEL TANIM SABİT ALAN - GENEL BİLGİ
Sabit uzunluklu kontrol alanı ta
008 - SABİT UZUNLUKTAKİ VERİ ÖGELERİ - GENEL BİLGİ
Sabit Alan 160411b2014 tu a|||gr||||#||||0|tur |
020 ## - ISBN - ULUSLARARASI STANDART KİTAP NUMARASI
Isbn 9789754003888
040 ## - KATALOGLAMA KAYNAĞI
Özgün Kataloglama Kurumu TR-BiSEU
Kataloglama Dili tur
Çeviri Kurumu TR-BiSEU
Açıklama Kuralları rda
041 0# - DİL KODU
Metin ya da ses kaydının dil kodu tur
044 ## - YAYINLAYAN/ÜRETEN KURULUŞUN ÜLKE KODU
ISO country code tu
050 ## - SINIFLAMA ve YER NUMARASI
Sınıflama Numarası HC240.25.T8
Yer Numarası U55 2014
245 0# - ESER ADI BİLDİRİMİ
Başlık Üniversite gençliğinde Avrupa Birliği algısı :
Alt Eseradı vb. Marmara Üniversitesi 2004 ve 2014 anketlerinin bir değerlendirilmesi/
Sorumluluk Bildirimi Emirhan Göral, Lale Özdemir, E. Serra Yurtkoru, Muzaffer Dartan.
264 #1 - ÜRERİM, YAYIN, DAĞITIM ve TELİF BİLDİRİMİ
Yayın yeri İstanbul :
Yayınlayan Marmara Üniversitesi Avrupa Birliği Enstitüsü
Yayın tarihi 2014
300 ## - FİZİKSEL TANIMLAMA
Sayfa, Cilt vb. XVI, 225 sayfa :
Diğer fiziki detaylar resimli ;
Boyutları 23 cm.
336 ## - İÇERİK TÜRÜ
Content type term metin
Content type code txt
Source rdacontent
337 ## - MEDYA TÜRÜ
Media type term aracısız
Media type code n
Source rdamedia
338 ## - TAŞIYICI TÜRÜ
Carrier type term cilt
Carrier type code nc
Source rdacarrier
490 1# - DİZİ BİLDİRİMİ
Dizi Bildirimi Marmara Üniversitesi yayın no ;
Cilt Numarası 828.
490 1# - DİZİ BİLDİRİMİ
Dizi Bildirimi Avrupa Birliği Enstitüsü yayın no ;
Cilt Numarası 17.
490 1# - DİZİ BİLDİRİMİ
Dizi Bildirimi
500 ## - GENEL NOT
Genel Not Kaynakça var.
650 #0 - KONU BAŞLIĞI EK GİRİŞ - KONU TERİMİ
Konusal terim veya coğrafi ad Turkey--Foreign Relations--European Union
9 (RLIN) 105336
650 #0 - KONU BAŞLIĞI EK GİRİŞ - KONU TERİMİ
Konusal terim veya coğrafi ad European Union--Foreign Relations--Turkey
9 (RLIN) 105337
650 #0 - KONU BAŞLIĞI EK GİRİŞ - KONU TERİMİ
Konusal terim veya coğrafi ad Türkiye--Dış İlişkiler--Avrupa Birliği
9 (RLIN) 105338
650 #0 - KONU BAŞLIĞI EK GİRİŞ - KONU TERİMİ
Konusal terim veya coğrafi ad Avrupa Birliği--Dış İlişkiler--Türkiye
9 (RLIN) 105339
830 1# - SERİ EK GİRİŞİ - TEKBİÇİM ESER ADI
Tekbiçim Başlık Marmara Üniversitesi yayın no ;
Volume number/sequential designation 828.
9 (RLIN) 8437
830 1# - SERİ EK GİRİŞİ - TEKBİÇİM ESER ADI
Tekbiçim Başlık Avrupa Birliği Enstitüsü yayın no ;
Volume number/sequential designation 17.
9 (RLIN) 105340
830 1# - SERİ EK GİRİŞİ - TEKBİÇİM ESER ADI
Tekbiçim Başlık
9 (RLIN) 1620
942 ## - EK GİRİŞ ÖGELERİ (KOHA)
Source of classification or shelving scheme Library of Congress Classification
Koha item type Book
Holdings
Materyal Türü Kalıcı Konum Mevcut Konum Raf Yeri Sınıflandırma Kaynağı Edinim Bilgisi Ana Konular Alt Konular Yer Numarası Demirbaş Numarası Fatura Tarihi Geri Çekilme Durumu Kayıp Durumu Hasarlı Durumu Kredi için değil Kayıt Tarih Toplam Ödünçverme Son Görülme Tarihi Son Kontrol Tarihi Genel / Bağış Notu
Book Prof. Dr. Azmi Özcan Kütüphanesi Prof. Dr. Azmi Özcan Kütüphanesi Uluğbey Salonu Library of Congress Classification Bağış SOSYAL BİLİMLER Ekonomi Tarihi ve Koşulları HC240.25.T8 U55 2014 0056881 02/02/2026         11/04/2016   05/12/2024 05/12/2024 Genel Bağış